00908cam a22002411 4500001001300000003000400013005001700017008004100034010001700075035001900092040005000111042001200161050002900173100005500202245009300257260005500350300003400405490009200439500006500531650002500596650002800621999001700649gs 15000617 DLC20260227111318.0780407s1908 ii f 000 0 eng c ags 15000617  a(OCoLC)3788989 aLibrary, U. S. Geological SurveycGUdGUdDLC apremarc00aQE756.I4bA4 vol.2, no.51 aReed, F. R. C.q(Frederick Richard Cowper),d1869-14aThe Devonian faunas of the northern Shan states.cPlates I to XX. [By R. F. Cowper Reed] aCalcutta,bOffice of the Geological Survey,c1908. a163 p., 20 l.bXX pl.c35 cm.0 aIndia (Republic). Geological Survey. Memoirs. Palaeontologia Indica, n.s.,vv. 2, no. 5 aAt head of title: Memoirs of the Geological Survey of India. 0aPaleontologyzIndia. 0aPaleontologyyDevonian. c25550d25550